| 000 | 00672nam a22002057a 4500 | ||
|---|---|---|---|
| 999 |
_c16973 _d16973 |
||
| 003 | AR-CdUCM | ||
| 008 | 190506b ||||| |||| 00| 0 spa d | ||
| 040 |
_aMUNICIPALIDAD PROVINCIAL DEL CUSCO _cBIBLIOTECA MUNICIPAL DEL CUSCO |
||
| 082 |
_a335.4 / _bG55 / [1940] |
||
| 110 |
_aColección popular clásicos del socialismo _936751 |
||
| 245 | _aComo estudiaban Marx - Engels y sus discípulos / | ||
| 260 |
_aMoscu : _c[1940]. |
||
| 300 |
_a104 páginas ; _c18 cm. |
||
| 500 | _aEl texto esta incompleto en numero de paginas. | ||
| 650 |
_aMark _936752 |
||
| 650 |
_aEngels _936753 |
||
| 650 |
_aDiscípulos _936754 |
||
| 942 |
_2ddc _cLIBROS |
||
| 945 |
_arah _d06/05/2019 |
||